[Event "ESP-chT Primera Division 2019"]
[Site "Linares"]
[Date "2019.08.31"]
[Round "6.7"]
[White "Vallejo Pons, Francisco"]
[Black "Cori, Jorge"]
[Result "1-0"]
[WhiteElo "2678"]
[BlackElo "2686"]
[Annotator "TA"]
[PlyCount "94"]
[EventDate "2019.08.26"]
[EventType "team-tourn"]
[EventCountry "ESP"]
[SourceTitle "playchess.com"]
[Source "ChessBase"]
[SourceQuality "1"]

{[%evp 18,94,79,77,78,68,89,89,87,79,89,82,96,91,100,115,106,98,110,111,177,143,189,175,208,193,217,216,229,220,298,277,716,716,745,728,716,448,644,377,656,673,643,639,587,432,857,839,807,746,1021,639,851,844,29969,29969,5189,644,532,372,339,339,374,207,351,322,293,238,270,236,236,236,274,260,262,219,255,254,286]} 1. e4 c5 2. Nf3 Nc6 3. Nc3 d6 4. d4 cxd4 5. Nxd4 Nf6 6. Bg5 e6 7. Qd2 h6 8. Bxf6 gxf6 9. O-O-O a6 10. f4 Qb6 {B63: Sicilian: Richter-Rauzer: 7...Be7 and unusual Black 7th moves} 11. Nxc6 bxc6 12. Bc4 Be7 {White is better.} 13. Rhe1 $146 ({Predecessor:} 13. f5 Qc5 14. Bb3 Qe5 15. g4 h5 16. gxh5 Rxh5 {1-0 (31) Vorobiov,E (2565)-Bagaturov,G (2464) Jermuk 2010}) 13... a5 14. Bb3 Rb8 15. Kb1 Qb4 16. a3 Qb6 17. f5 c5 18. Ka1 Bd7 (18... c4 $16 {keeps fighting.} 19. Ba4+ Bd7) 19. Rb1 h5 20. Qd3 Qb7 21. Bc4 Qc8 22. Ne2 {[%cal Bc3e2,Be2f4,Bf4h5,Bh5g7,Bg7f5][%mdl 32]} Rg8 23. Nf4 Rg4 24. Nxh5 Rxg2 $2 (24... e5 25. h3 Rg8) 25. Rg1 $18 Rxg1 26. Rxg1 {[#] Threatening mate with Rg8+.} Qb7 27. Qc3 {And now Rg8+ would win.} Bb5 (27... Kd8 $142 28. Rg7 e5 29. Rxf7 Be8) 28. Ng7+ Kd7 $2 (28... Kd8) 29. fxe6+ fxe6 30. Bxe6+ Kc7 31. Bd5 Qa6 (31... Bc6 $142 32. Ne6+ Kb6) 32. Nf5 Bf8 33. Qxf6 Bd7 34. e5 Bxf5 35. Qxf5 Qe2 36. Qf7+ Kb6 37. Qd7 (37. exd6 $142 Bxd6 {[#]} 38. Rg6 $1 {[%mdl 512]} Qe1+ 39. Ka2) 37... Qb5 38. Qxb5+ Kxb5 {[%mdl 4096] Endgame KRB-KRB} 39. e6 c4 40. Rg4 (40. Rg8 $142 {Black must now prevent e7!} Rd8 41. Rg4) 40... c3 (40... Kc5 {was necessary.}) 41. bxc3 Kc5 42. Bb3 {aiming for Rg8.} Be7 43. Rc4+ Kb6 44. Rf4 Rh8 45. Rf7 Bg5 46. Rf2 Rh4 47. a4 Re4 {Accuracy: White = 72%, Black = 29%.} 1-0

[Event "ESP-chT Primera Division 2019"]
[Site "Linares"]
[Date "2019.08.31"]
[Round "6.8"]
[White "Shirov, Alexei"]
[Black "Alekseenko, Kirill"]
[Result "1-0"]
[WhiteElo "2658"]
[BlackElo "2668"]
[Annotator "TA"]
[PlyCount "57"]
[EventDate "2019.08.26"]
[EventType "team-tourn"]
[EventCountry "ESP"]
[SourceTitle "playchess.com"]
[Source "ChessBase"]
[SourceQuality "1"]

{[%evp 12,57,37,2,26,18,24,23,26,0,44,29,32,-5,-2,-2,34,27,42,36,12,24,255,236,237,243,297,289,291,0,20,0,293,295,295,297,302,285,287,293,704,695,642,682,658,651,628,631]} 1. e4 c5 2. Nf3 d6 3. d4 cxd4 4. Nxd4 Nf6 5. Nc3 a6 6. h3 e5 7. Nb3 Be7 {B90: Sicilian Najdorf: Unusual White 6th moves, 6 Be3 Ng4 and 6 Be3 e5} (7... Be6 8. f4 exf4 9. Bxf4 Nc6 10. Qe2 Be7 11. O-O-O Qc7 12. g4 O-O 13. g5 Nd7 14. Qe3 Rac8 15. Kb1 {1-0 (60) Van Foreest,J (2612)-Nepomniachtchi,I (2763) Wijk aan Zee 2019}) 8. g4 h6 9. Be3 Be6 {White has an edge.} 10. Nd5 $146 ({Predecessor:} 10. Qf3 Nbd7 11. O-O-O Rc8 12. Nd5 Nf8 13. Kb1 Ng6 14. Nxe7 Qxe7 15. g5 hxg5 16. Bxg5 {1-0 (35) Poetsch,H (2484)-Engel,L (2389) Karlsruhe 2018}) 10... Nxd5 (10... Nbd7 {is more complex.} 11. Bg2 Bxd5 12. exd5 Rc8 13. c3 Nb6) 11. exd5 Bc8 12. Qd2 a5 13. Bb5+ Nd7 {[%cal Bb8d7,Bd7f6,Bf6e4][%mdl 32]} 14. a4 $36 {[%mdl 2048] White has some pressure.} O-O 15. h4 Nf6 16. g5 hxg5 $2 (16... Ng4 $11 {and Black has nothing to worry.}) 17. hxg5 $18 Ne4 18. Qe2 {[#] White threatens Qh5 and mate.} Bxg5 19. Qh5 {[%csl Gh1][%cal Rh5h8]} f5 20. Qh7+ $2 (20. O-O-O $18) 20... Kf7 $11 21. Qh5+ $2 {[%mdl 8192]} ({Don't go for} 21. Rg1 $2 Rh8 $19) (21. Nd2 $11 Bxe3 22. Qh5+ (22. Nxe4 fxe4 23. Qh5+ g6 $11) 22... Kg8 23. Qh7+ (23. fxe3 Qg5 $11) 23... Kf7 24. Nxe4 fxe4 25. Qh5+ (25. fxe3 Qg5 $11) 25... g6 26. Qh7+ Kf6 27. fxe3) 21... Kg8 $1 $18 22. O-O-O Qf6 {Threatening ...Bxe3+.} 23. Rdg1 f4 24. Nd2 Bf5 {[#]} 25. Bd7 $1 {[%cal Rd7f5]} fxe3 $2 (25... Qh6 26. Nxe4 Bxe4) 26. Nxe4 {White is clearly winning.} Qh6 {Strongly threatening ...Qxh5.} 27. Rxg5 Qxh5 28. Rgxh5 {Be6+ would kill now.} Bxd7 29. Nxd6 {Accuracy: White = 76%, Black = 56%.} 1-0

[Event "ESP-chT Primera Division 2019"]
[Site "Linares"]
[Date "2019.08.31"]
[Round "6.9"]
[White "Sarana, Alexey"]
[Black "Henderson de La Fuente, Lance"]
[Result "1/2-1/2"]
[WhiteElo "2655"]
[BlackElo "2487"]
[Annotator "TA"]
[PlyCount "61"]
[EventDate "2019.08.26"]
[EventType "team-tourn"]
[EventCountry "ESP"]
[SourceTitle "playchess.com"]
[Source "ChessBase"]
[SourceQuality "1"]

{[%evp 25,61,0,0,0,0,0,0,0,0,0,0,0,0,0,0,0,16,0,0,0,0,0,22,-27,-10,-4,-4,-11,-2,-8,-10,-6,-14,-15,-3,-3,-10,-14]} 1. d4 Nf6 2. c4 e6 3. Nf3 b6 4. g3 Bb7 5. Bg2 Be7 6. d5 exd5 7. Nd4 O-O 8. Nf5 c6 9. cxd5 Nxd5 10. O-O Nc7 11. e4 d5 ({Predecessor:} 11... Nba6 12. Nc3 Bf6 13. Bf4 d5 14. exd5 {½-½ (36) Neto Pires da Silva,M-Ludevid Masana,J (2147) ICCF email 2015}) 12. Nc3 Bf6 13. exd5 cxd5 14. Bf4 {Threatens to win with Bxc7. E17: Queen's Indian: 4 g3 Bb7 5 Bg2 Be7} Nba6 15. Re1 Qd7 $146 (15... Bc8 16. Nd6 Bxc3 17. bxc3 Be6 18. a4 Nc5 19. h4 Qd7 20. a5 Bg4 21. f3 Be6 {0-1 (36) Buhmann,R (2653)-Ponomariov,R (2706) Dortmund 2016}) 16. Bh3 {[#] aiming for Nh6+!} Qd8 $1 17. Nd6 Bc6 18. Rc1 Nc5 19. b4 N5e6 20. Nxf7 {[%mdl 64] [#] Remove Defender} Rxf7 21. Bxe6 Nxe6 22. Rxe6 d4 23. Rxc6 dxc3 24. Rd6 Qe7 25. Qd5 {The position is equal.} Re8 26. a3 Qe4 (26... h6 {looks sharper.} 27. Be3 Be5 28. Rc6 Rd8 29. Qc4 Qd7) 27. Qxe4 Rxe4 28. Be3 Rc7 {Strongly threatening ...c2.} 29. Rc2 Ree7 30. Kg2 Red7 31. Rxd7 $1 {Accuracy: White = 84%, Black = 79%.} 1/2-1/2

[Event "ESP-chT Primera Division 2019"]
[Site "Linares"]
[Date "2019.08.31"]
[Round "6.10"]
[White "Cramling, Pia"]
[Black "Arizmendi Martinez, Julen Luis"]
[Result "1/2-1/2"]
[WhiteElo "2493"]
[BlackElo "2512"]
[Annotator "ChessBase"]
[PlyCount "76"]
[EventDate "2019.08.26"]
[EventType "team-tourn"]
[EventCountry "ESP"]
[SourceTitle "playchess.com"]
[Source "ChessBase"]
[SourceQuality "1"]
[TimeControl "5400+30"]

1. Nf3 {[%emt 0:00:00]} d5 {[%emt 0:02:02]} 2. d4 {[%emt 0:00:00]} Nf6 {[%emt 0:00:38]} 3. c4 {[%emt 0:00:10]} e6 {[%emt 0:00:11]} 4. Nc3 {[%emt 0:00:16]} Bb4 {[%emt 0:02:55]} 5. Qb3 {[%emt 0:00:28]} c5 {[%emt 0:12:29]} 6. dxc5 {[%emt 0:00:21]} Na6 {[%emt 0:00:54]} 7. a3 {[%emt 0:03:19]} Bxc3+ {[%emt 0:04:39]} 8. Qxc3 {[%emt 0:00:09]} Nxc5 {[%emt 0:00:25]} 9. cxd5 {[%emt 0:02:17]} Nce4 {[%emt 0:15:34]} 10. Qd4 {[%emt 0:04:44]} Qxd5 {[%emt 0:19:29]} 11. Qxd5 {[%emt 0:23:13]} Nxd5 {[%emt 0:01:17]} 12. Ne5 {[%emt 0:03:51]} Nc5 {[%emt 0:02:41]} 13. b4 {[%emt 0:07:32]} Nb3 {[%emt 0:01:02]} 14. Rb1 {[%emt 0:00:12]} Nxc1 {[%emt 0:00:49]} 15. Rxc1 {[%emt 0:00:03]} f6 {[%emt 0:10:02]} 16. Nc4 {[%emt 0:05:50]} f5 {[%emt 0:12:27]} 17. g3 {[%emt 0:04:09]} Ke7 {[%emt 0:00:22]} 18. Bg2 {[%emt 0:00:20]} Bd7 {[%emt 0:00:16]} 19. Bxd5 {[%emt 0:07:50]} exd5 {[%emt 0:00:02]} 20. Ne5 {[%emt 0:00:30]} Rhc8 {[%emt 0:01:26]} 21. Kd2 {[%emt 0:00:28]} Kd6 {[%emt 0:00:46]} 22. Nf7+ {[%emt 0:10:16]} Ke7 {[%emt 0:00:03]} 23. Ne5 {[%emt 0:00:49]} Kd6 {[%emt 0:00:05]} 24. Nf7+ {[%emt 0:05:49]} Ke7 {[%emt 0:00:02]} 25. Ng5 {[%emt 0:00:17]} h6 {[%emt 0:07:19]} 26. Nf3 {[%emt 0:00:10]} Kd6 {[%emt 0:01:36]} 27. Rxc8 {[%emt 0:03:07]} Rxc8 {[%emt 0:00:02]} 28. Rc1 {[%emt 0:01:10]} Rf8 {[%emt 0:01:18]} 29. Nd4 {[%emt 0:04:45]} f4 {[%emt 0:00:25]} 30. f3 {[%emt 0:00:27]} fxg3 {[%emt 0:00:47]} 31. hxg3 {[%emt 0:00:05]} h5 {[%emt 0:01:40]} 32. Rh1 {[%emt 0:01:39]} g6 {[%emt 0:00:16]} 33. e3 {[%emt 0:01:32]} Ra8 {[%emt 0:01:13]} 34. f4 {[%emt 0:06:11]} a5 {[%emt 0:00:39]} 35. f5 {[%emt 0:02:22]} Bxf5 {[%emt 0:01:01]} 36. Nxf5+ {[%emt 0:00:17]} gxf5 {[%emt 0:00:03]} 37. Rxh5 {[%emt 0:00:09]} axb4 {[%emt 0:00:15]} 38. axb4 {[%emt 0:00:04]} Rg8 {[%emt 0:00:43]} 1/2-1/2

[Event "ESP-chT Primera Division 2019"]
[Site "Linares"]
[Date "2019.08.31"]
[Round "6.11"]
[White "Llobell Cortell, Enrique"]
[Black "Castellanos Rodriguez, Renier"]
[Result "1/2-1/2"]
[WhiteElo "2400"]
[BlackElo "2493"]
[Annotator "ChessBase"]
[PlyCount "67"]
[EventDate "2019.08.26"]
[EventType "team-tourn"]
[EventCountry "ESP"]
[SourceTitle "playchess.com"]
[Source "ChessBase"]
[SourceQuality "1"]
[TimeControl "5400+30"]

1. d4 {[%emt 0:00:00]} Nf6 {[%emt 0:00:00]} 2. Bg5 {[%emt 0:00:06]} e6 {[%emt 0:03:18]} 3. e4 {[%emt 0:01:59]} h6 {[%emt 0:00:13]} 4. Bxf6 {[%emt 0:00:06]} Qxf6 {[%emt 0:00:03]} 5. c3 {[%emt 0:02:19]} d6 {[%emt 0:03:09]} 6. Bc4 {[%emt 0:01:13]} g6 {[%emt 0:05:05]} 7. Ne2 {[%emt 0:05:11]} Bg7 {[%emt 0:01:37]} 8. O-O {[%emt 0:00:25]} O-O {[%emt 0:00:45]} 9. f4 {[%emt 0:05:26]} Qe7 {[%emt 0:00:57]} 10. Nd2 {[%emt 0:01:16]} e5 {[%emt 0:23:23]} 11. dxe5 {[%emt 0:35:10]} dxe5 {[%emt 0:00:15]} 12. f5 {[%emt 0:00:23]} Kh7 {[%emt 0:02:16]} 13. Kh1 {[%emt 0:15:58]} Nd7 {[%emt 0:00:56]} 14. Qc2 {[%emt 0:13:07]} Nf6 {[%emt 0:02:08]} 15. h3 {[%emt 0:00:44]} Bd7 {[%emt 0:04:47]} 16. Ng3 {[%emt 0:02:26]} Rad8 {[%emt 0:06:12]} 17. Rad1 {[%emt 0:00:40]} b5 {[%emt 0:14:44]} 18. Bb3 {[%emt 0:00:54]} h5 {[%emt 0:08:22]} 19. Nf3 {[%emt 0:00:55]} Bh6 {[%emt 0:00:07]} 20. c4 {[%emt 0:01:14]} Qc5 {[%emt 0:02:38]} 21. cxb5 {[%emt 0:03:12]} Qxc2 {[%emt 0:00:14]} 22. Bxc2 {[%emt 0:00:03]} Bxb5 {[%emt 0:00:28]} 23. fxg6+ {[%emt 0:01:39]} fxg6 {[%emt 0:00:12]} 24. Rxd8 {[%emt 0:01:00]} Rxd8 {[%emt 0:00:06]} 25. Re1 {[%emt 0:00:25]} Bf4 {[%emt 0:01:52]} 26. Ne2 {[%emt 0:00:04]} Bxe2 {[%emt 0:00:45]} 27. Rxe2 {[%emt 0:00:01]} Kh6 {[%emt 0:00:51]} 28. Kg1 {[%emt 0:05:41]} g5 {[%emt 0:00:14]} 29. Kf2 {[%emt 0:00:57]} g4 {[%emt 0:00:48]} 30. Nh4 {[%emt 0:00:18]} g3+ {[%emt 0:04:57]} 31. Ke1 {[%emt 0:02:04]} Rb8 {[%emt 0:02:05]} 32. b3 {[%emt 0:00:32]} Rd8 {[%emt 0:01:43]} 33. Nf3 {[%emt 0:00:23]} Nh7 {[%emt 0:00:59]} 34. Bb1 {[%emt 0:00:08]} 1/2-1/2

[Event "ESP-chT Primera Division 2019"]
[Site "Linares"]
[Date "2019.08.31"]
[Round "6.12"]
[White "Oliva Castaneda, Kevel"]
[Black "Garcia Martin, Marta"]
[Result "1-0"]
[WhiteElo "2479"]
[BlackElo "2313"]
[Annotator "ChessBase"]
[PlyCount "81"]
[EventDate "2019.08.26"]
[EventType "team-tourn"]
[EventCountry "ESP"]
[SourceTitle "playchess.com"]
[Source "ChessBase"]
[SourceQuality "1"]
[TimeControl "5400+30"]

1. d4 {[%emt 0:00:00]} d5 {[%emt 0:00:00]} 2. c4 {[%emt 0:00:00]} e6 {[%emt 0:00:00]} 3. Nc3 {[%emt 0:00:00]} Nf6 {[%emt 0:00:15]} 4. cxd5 {[%emt 0:00:26]} exd5 {[%emt 0:00:06]} 5. Bg5 {[%emt 0:00:15]} Be7 {[%emt 0:00:31]} 6. e3 {[%emt 0:00:21]} c6 {[%emt 0:00:38]} 7. Bd3 {[%emt 0:00:18]} Nbd7 {[%emt 0:00:32]} 8. Nge2 {[%emt 0:04:20]} Nf8 {[%emt 0:01:03]} 9. Qc2 {[%emt 0:01:57]} Ne6 {[%emt 0:03:42]} 10. Bh4 {[%emt 0:00:11]} g6 {[%emt 0:03:10]} 11. O-O {[%emt 0:01:06]} O-O {[%emt 0:00:47]} 12. Rad1 {[%emt 0:01:55]} Nh5 {[%emt 0:12:50]} 13. Bxe7 {[%emt 0:00:29]} Qxe7 {[%emt 0:00:05]} 14. f3 {[%emt 0:07:26]} Ng5 {[%emt 0:18:37]} 15. Qd2 {[%emt 0:07:24]} Re8 {[%emt 0:07:19]} 16. f4 {[%emt 0:06:13]} Ne6 {[%emt 0:04:06]} 17. g4 {[%emt 0:07:35]} Nf6 {[%emt 0:00:49]} 18. g5 {[%emt 0:00:07]} Nh5 {[%emt 0:04:09]} 19. Ng3 {[%emt 0:05:07]} Neg7 {[%emt 0:07:25]} 20. Kf2 {[%emt 0:01:57]} Bh3 {[%emt 0:05:57]} 21. Rg1 {[%emt 0:00:19]} Rad8 {[%emt 0:05:11]} 22. Be2 {[%emt 0:02:08]} c5 {[%emt 0:06:29]} 23. Nxh5 {[%emt 0:06:52]} gxh5 {[%emt 0:00:08]} 24. Bf3 {[%emt 0:05:48]} Bg4 {[%emt 0:05:01]} 25. Nxd5 {[%emt 0:07:40]} Rxd5 {[%emt 0:00:04]} 26. Bxd5 {[%emt 0:01:04]} Bxd1 {[%emt 0:01:30]} 27. Rxd1 {[%emt 0:00:04]} cxd4 {[%emt 0:06:06]} 28. e4 {[%emt 0:03:37]} Qd7 {[%emt 0:02:34]} 29. Qd3 {[%emt 0:03:38]} Ne6 {[%emt 0:04:43]} 30. Qf3 {[%emt 0:01:33]} Qc7 {[%emt 0:00:33]} 31. Kg3 {[%emt 0:06:58]} h4+ {[%emt 0:00:38]} 32. Kg4 {[%emt 0:00:04]} Qc2 {[%emt 0:00:28]} 33. h3 {[%emt 0:04:14]} Qxb2 {[%emt 0:00:28]} 34. Kxh4 {[%emt 0:00:24]} Qh2 {[%emt 0:00:33]} 35. Rf1 {[%emt 0:05:32]} Rc8 {[%emt 0:00:28]} 36. f5 {[%emt 0:01:53]} Nf8 {[%emt 0:00:32]} 37. Qh5 {[%emt 0:01:08]} Qc7 {[%emt 0:00:25]} 38. g6 {[%emt 0:02:02]} Qd8+ {[%emt 0:00:28]} 39. Kg4 {[%emt 0:00:24]} Rc3 {[%emt 0:00:37]} 40. Bxf7+ {[%emt 0:00:40]} Kh8 {[%emt 0:00:28]} 41. Qh6 {[%emt 0:00:05]} 1-0

[Event "ESP-chT Primera Division 2019"]
[Site "Linares"]
[Date "2019.08.31"]
[Round "6.13"]
[White "Delorme, Axel"]
[Black "Kokarev, Dmitry"]
[Result "1/2-1/2"]
[WhiteElo "2489"]
[BlackElo "2598"]
[Annotator "ChessBase"]
[PlyCount "68"]
[EventDate "2019.08.26"]
[EventType "team-tourn"]
[EventCountry "ESP"]
[SourceTitle "playchess.com"]
[Source "ChessBase"]
[SourceQuality "1"]
[TimeControl "5400+30"]

1. e4 {[%emt 0:00:00]} c5 {[%emt 0:00:00]} 2. Nf3 {[%emt 0:00:00]} d6 {[%emt 0:00:00]} 3. Bb5+ {[%emt 0:00:00]} Bd7 {[%emt 0:00:01]} 4. Bxd7+ {[%emt 0:00:00]} Qxd7 {[%emt 0:00:08]} 5. c4 {[%emt 0:00:26]} Nf6 {[%emt 0:00:09]} 6. Nc3 {[%emt 0:00:21]} g6 {[%emt 0:00:08]} 7. d4 {[%emt 0:00:39]} cxd4 {[%emt 0:00:07]} 8. Nxd4 {[%emt 0:00:03]} Bg7 {[%emt 0:00:11]} 9. f3 {[%emt 0:00:24]} Qc7 {[%emt 0:00:28]} 10. b3 {[%emt 0:09:46]} Qa5 {[%emt 0:00:09]} 11. Bd2 {[%emt 0:08:20]} Nc6 {[%emt 0:00:13]} 12. Nce2 {[%emt 0:07:46]} Qb6 {[%emt 0:02:22]} 13. Be3 {[%emt 0:03:04]} Qa5+ {[%emt 0:01:37]} 14. Bd2 {[%emt 0:01:32]} Qc7 {[%emt 0:09:52]} 15. Be3 {[%emt 0:00:59]} Nxd4 {[%emt 0:00:28]} 16. Nxd4 {[%emt 0:01:50]} Qa5+ {[%emt 0:01:28]} 17. Qd2 {[%emt 0:05:35]} Qxd2+ {[%emt 0:00:12]} 18. Kxd2 {[%emt 0:00:05]} a6 {[%emt 0:00:23]} 19. Rac1 {[%emt 0:01:06]} Nd7 {[%emt 0:02:49]} 20. Nc2 {[%emt 0:09:31]} e6 {[%emt 0:01:11]} 21. Nb4 {[%emt 0:00:46]} Ke7 {[%emt 0:04:20]} 22. Nd3 {[%emt 0:00:59]} Rac8 {[%emt 0:00:35]} 23. Bg5+ {[%emt 0:13:52]} f6 {[%emt 0:09:18]} 24. Be3 {[%emt 0:00:35]} f5 {[%emt 0:01:59]} 25. exf5 {[%emt 0:09:00]} gxf5 {[%emt 0:00:20]} 26. g4 {[%emt 0:00:55]} fxg4 {[%emt 0:04:57]} 27. fxg4 {[%emt 0:00:14]} Nf6 {[%emt 0:00:18]} 28. Nf2 {[%emt 0:00:15]} b5 {[%emt 0:02:49]} 29. g5 {[%emt 0:08:53]} Nd7 {[%emt 0:01:25]} 30. Nd3 {[%emt 0:00:03]} bxc4 {[%emt 0:01:55]} 31. bxc4 {[%emt 0:00:08]} Rc6 {[%emt 0:13:29]} 32. Nb4 {[%emt 0:00:26]} Rcc8 {[%emt 0:00:07]} 33. Nd3 {[%emt 0:00:03]} Rc6 {[%emt 0:00:14]} 34. Nb4 {[%emt 0:00:05]} Rcc8 {[%emt 0:00:08]} 1/2-1/2

[Event "ESP-chT Primera Division 2019"]
[Site "Linares"]
[Date "2019.08.31"]
[Round "6.14"]
[White "Volkov, Sergey"]
[Black "Alsina Leal, Daniel"]
[Result "1/2-1/2"]
[WhiteElo "2547"]
[BlackElo "2477"]
[Annotator "ChessBase"]
[PlyCount "49"]
[EventDate "2019.08.26"]
[EventType "team-tourn"]
[EventCountry "ESP"]
[SourceTitle "playchess.com"]
[Source "ChessBase"]
[SourceQuality "1"]
[TimeControl "5400+30"]

1. d4 {[%emt 0:00:00]} Nf6 {[%emt 0:00:00]} 2. c4 {[%emt 0:00:00]} g6 {[%emt 0:00:00]} 3. Nc3 {[%emt 0:00:00]} d5 {[%emt 0:00:00]} 4. Nf3 {[%emt 0:00:00]} Bg7 {[%emt 0:00:08]} 5. Qb3 {[%emt 0:00:06]} dxc4 {[%emt 0:00:06]} 6. Qxc4 {[%emt 0:00:05]} O-O {[%emt 0:00:11]} 7. e4 {[%emt 0:00:04]} a6 {[%emt 0:00:08]} 8. e5 {[%emt 0:00:09]} b5 {[%emt 0:00:36]} 9. Qb3 {[%emt 0:00:06]} Nfd7 {[%emt 0:00:15]} 10. Be2 {[%emt 0:00:09]} c5 {[%emt 0:00:49]} 11. e6 {[%emt 0:00:09]} cxd4 {[%emt 0:01:08]} 12. exf7+ {[%emt 0:00:44]} Kh8 {[%emt 0:00:27]} 13. Ne4 {[%emt 0:00:58]} Bb7 {[%emt 0:01:24]} 14. Nfg5 {[%emt 0:02:46]} Bxe4 {[%emt 0:07:37]} 15. Nxe4 {[%emt 0:01:40]} Ne5 {[%emt 0:15:54]} 16. Ng5 {[%emt 0:08:57]} d3 {[%emt 0:08:39]} 17. Bf3 {[%emt 0:05:23]} Nxf3+ {[%emt 0:02:51]} 18. Nxf3 {[%emt 0:01:30]} Nc6 {[%emt 0:04:52]} 19. O-O {[%emt 0:01:56]} e5 {[%emt 0:01:14]} 20. Re1 {[%emt 0:21:10]} Na5 {[%emt 0:14:05]} 21. Qe6 {[%emt 0:03:30]} Qc8 {[%emt 0:08:37]} 22. Qe7 {[%emt 0:11:04]} Qd8 {[%emt 0:03:02]} 23. Qe6 {[%emt 0:01:11]} Qc8 {[%emt 0:03:06]} 24. Qe7 {[%emt 0:01:24]} Qd8 {[%emt 0:01:32]} 25. Qe6 {[%emt 0:00:53]} 1/2-1/2

[Event "ESP-chT Primera Division 2019"]
[Site "Linares"]
[Date "2019.08.31"]
[Round "6.15"]
[White "Alonso Moyano, Jonathan"]
[Black "Cuenca Jimenez, Jose Fernando"]
[Result "0-1"]
[WhiteElo "2358"]
[BlackElo "2515"]
[Annotator "ChessBase"]
[PlyCount "74"]
[EventDate "2019.08.26"]
[EventType "team-tourn"]
[EventCountry "ESP"]
[SourceTitle "playchess.com"]
[Source "ChessBase"]
[SourceQuality "1"]
[TimeControl "5400+30"]

1. e4 {[%emt 0:00:05]} e5 {[%emt 0:00:00]} 2. Nf3 {[%emt 0:00:09]} Nc6 {[%emt 0:00:00]} 3. d4 {[%emt 0:00:17]} exd4 {[%emt 0:00:03]} 4. Nxd4 {[%emt 0:00:07]} Bc5 {[%emt 0:00:33]} 5. Nxc6 {[%emt 0:00:15]} bxc6 {[%emt 0:00:06]} 6. Bd3 {[%emt 0:01:41]} d6 {[%emt 0:00:11]} 7. O-O {[%emt 0:03:49]} Nf6 {[%emt 0:00:08]} 8. h3 {[%emt 0:11:59]} Nd7 {[%emt 0:00:53]} 9. Qe2 {[%emt 0:03:19]} O-O {[%emt 0:11:50]} 10. Be3 {[%emt 0:04:08]} Bb6 {[%emt 0:13:30]} 11. Nc3 {[%emt 0:10:47]} Re8 {[%emt 0:06:55]} 12. Rfe1 {[%emt 0:08:52]} Ne5 {[%emt 0:10:03]} 13. f4 {[%emt 0:09:38]} Nxd3 {[%emt 0:04:16]} 14. cxd3 {[%emt 0:03:24]} d5 {[%emt 0:06:53]} 15. Bxb6 {[%emt 0:03:31]} axb6 {[%emt 0:02:52]} 16. a3 {[%emt 0:05:04]} d4 {[%emt 0:07:17]} 17. Nb1 {[%emt 0:00:48]} Qh4 {[%emt 0:08:13]} 18. Rf1 {[%emt 0:02:08]} f5 {[%emt 0:02:32]} 19. Nd2 {[%emt 0:05:08]} c5 {[%emt 0:00:01]} 20. Kh2 {[%emt 0:05:11]} Bb7 {[%emt 0:01:06]} 21. g3 {[%emt 0:00:25]} Qe7 {[%emt 0:04:31]} 22. e5 {[%emt 0:01:44]} Qe6 {[%emt 0:01:07]} 23. h4 {[%emt 0:02:20]} h6 {[%emt 0:03:10]} 24. Rae1 {[%emt 0:01:18]} Re7 {[%emt 0:02:13]} 25. Nf3 {[%emt 0:03:35]} Rd8 {[%emt 0:02:47]} 26. h5 {[%emt 0:02:43]} c4 {[%emt 0:01:14]} 27. Nh4 {[%emt 0:02:06]} cxd3 {[%emt 0:00:34]} 28. Qxd3 {[%emt 0:01:13]} Be4 {[%emt 0:00:25]} 29. Qd2 {[%emt 0:03:21]} c5 {[%emt 0:05:51]} 30. g4 {[%emt 0:02:04]} c4 {[%emt 0:01:00]} 31. Rg1 {[%emt 0:00:02]} Rc7 {[%emt 0:00:59]} 32. Rg3 {[%emt 0:02:12]} Rdd7 {[%emt 0:02:23]} 33. gxf5 {[%emt 0:00:43]} Bxf5 {[%emt 0:00:59]} 34. Qg2 {[%emt 0:00:12]} Rf7 {[%emt 0:01:40]} 35. Rg1 {[%emt 0:01:18]} c3 {[%emt 0:00:21]} 36. bxc3 {[%emt 0:00:54]} dxc3 {[%emt 0:00:01]} 37. Rc1 {[%emt 0:01:27]} c2 {[%emt 0:00:09]} 0-1